| 000 | 00567nam a2200205Ia 4500 | ||
|---|---|---|---|
| 005 | 20250508150816.0 | ||
| 008 | 008 250505s9999 xx 000 0 eng d | ||
| 037 | _aTextual | ||
| 040 |
_aFEDL _beng _cFEDL |
||
| 041 |
_aeng _2eng |
||
| 084 |
_a907, AMA _qFEDL |
||
| 245 | 0 | _aTeaching of history | |
| 245 | 0 | _cAssistant Master Association | |
| 260 |
_aCambridge _bCambridge University Press _c1950 |
||
| 300 | _axiv,222p | ||
| 365 |
_aINR _b8.56 |
||
| 650 |
_aHistory - Teaching _9757271 |
||
| 942 |
_cTEXL _h907, AMA |
||
| 999 |
_c1325783 _d1325783 |
||